000 00555nam a2200181Ia 4500
008 100920s9999 xx 000 0 und d
082 _b22308
_a891.463.1 थ 63
100 _aवनारसे विश्वनाथ बळवंत.
245 _aकामिनी.
260 _bकुलकर्णी पं.अ. ,पुणे.
_c1963
300 _a99
_bसाधी
365 _b2.5
520 _aलघुकथा.
630 _aकामिनी.
650 _aलघुकथा.
730 _aकामिनी.
942 _cBOOK
999 _c681848
_d681845